header

Hate speech, sex speech, free speech (Record no. 21542)

MARC details
000 -LEADER
fixed length control field 01345nam a2200337 a 4500
082 04 - DEWEY DECIMAL CLASSIFICATION NUMBER
Classification number 342.73/0853
-- 347.302853
100 1# - MAIN ENTRY--AUTHOR NAME
Personal name Wolfson, Nicholas.
245 10 - TITLE STATEMENT
Title Hate speech, sex speech, free speech
260 ## - PUBLICATION, DISTRIBUTION, ETC. (IMPRINT)
Place of publication Westport, Conn. :
Name of publisher Praeger,
Year of publication 1997.
300 ## - PHYSICAL DESCRIPTION
Number of Pages 169 p.
650 #0 - SUBJECT ADDED ENTRY--TOPICAL TERM
Topical Term Freedom of speech
Topical Term Hate speech
Topical Term Pornography
Topical Term Sexual harassment
Topical Term Racism in language.
856 40 - ELECTRONIC LOCATION AND ACCESS
Uniform Resource Identifier http://site.ebrary.com/lib/rucke/Doc?id=5007305

No items available.

© 2026 Rongo University
Contact us: librarian | system librarian | Rongo university